[Event "Barcelona Sants op 21st"]
[Site "Barcelona"]
[Date "2019.08.30"]
[Round "8"]
[White "Domenche Redondo, Francesco"]
[Black "Biplob, K Nandy"]
[Result "1/2-1/2"]
[WhiteElo "1621"]
[BlackElo "1355"]
[PlyCount "57"]
[EventDate "2019.08.23"]
[EventType "swiss"]
[EventRounds "10"]
[EventCountry "ESP"]
[SourceTitle "EXT 2020"]
[Source "ChessBase"]
[SourceDate "2019.10.17"]
[SourceVersion "1"]
[SourceVersionDate "2019.10.17"]
[SourceQuality "1"]

1. d4 f5 2. e4 fxe4 3. Nc3 Nf6 4. Bg5 e6 5. Nxe4 Be7 6. Bxf6 Bxf6 7. Nf3 0-0 8. Bd3 d5 9. Nxf6+ Qxf6 10. 0-0 Nc6 11. c3 Bd7 12. Qc2 h6 13. Rae1 Rae8 14. Ne5 Nxe5 15. Rxe5 a6 16. b4 Bb5 17. a4 Bxd3 18. Qxd3 Re7 19. Qe2 c6 20. f3 Qg6 21. Re1 Rf6 22. Re3 Qf7 23. Re5 Re8 24. Re3 Qd7 25. a5 Qc7 26. Re5 b5 27. Qd3 Qf7 28. R1e3 Kf8 29. Qe2 1/2-1/2